000 00397nam a2200181Ia 4500
999 _c44925
_d44925
003 0100
005 20171122142801.0
008 130303s9999 xx 000 0 und d
040 _cARRUPELIB
050 _aGN475.8B55 1962
100 _aBloomhill, Greta
_937697
245 _aWitchcraft in Africa
260 _aCape town
_bHoward Timmins
_c1962
300 _a172p.
300 _b 22cm.
650 _aWitchcraft
_xAfrica
_937689
650 _aMagic
_xAfrica
_937692
942 0 0 _01
_2lcc
_cMONOGRAPH